1304 1717 1207 1618 1778 1551 1943 1060 1058 1492 1581 1909 1950 1312 1854 1897 1974 1903 1741 1053 1824 1992 1856 1473 1756 1265 1036 1626 1190 1239 1988 1201 1750 1141 1624 1009 1799 1213 1053 1568 1650 1145 1006 1673 1708 1240 1047 1657 1545 1287 1993 1616 1298 1445 1515 1160 1847 1852 1075 1050 1436 1479 1731 1281 1935 1444 1866 1719 1890 1514 1177 1569 1980 1877 1945 1838 1217 1865 1454 1224 1714 1315 1729 1743 1197 1022 1932 1398 1012 1966 1202 1338 1120 1367 1349 1963 1260 1642 1311 BCNSPRNW ULIB Ver.6.0+V

เปลี่ยนเป็นภาษาไทย

Change to English
 แสดงรายละเอียดบรรณานุกรม
  กลับหน้าหลัก

Brief Record : Get Marc (ISO 2709) : E-mail record : QR code < ปิดหน้าต่าง
LEADER : 00000nam 2200000uu 4500
001    13399111441
003     ULIB
008    110627s||||||||th 000 0 tha d
020    9786165010078
090    นว.^bห481ห 2554
100 0  หัสบรรณ
245 00 หนึ่งจันทร์พันราตรี/^cหัสบรรณ
250    พิมพ์ครั้งที่ 1
260    นนทบุรี :^bPrincess,^c2554
300    376 หน้า
945    ^p240^l0^i030180
995    ทศพร
999 ^a ใช้งานได้ทุกระบบ
รายการนี้ยังไม่มีแท็ก
คุณยังไม่ได้ล็อกอิน คุณสามารถมีกิจกรรมร่วมกับเว็บไซต์ได้ แต่ต้องล็อกอินก่อน ::
  ล็อกอิน

รายการสื่อสารสนเทศ

ลำดับที่ ประเภท เลขเรียก/บาร์โค้ด สถานที่ สถานะ
- ไม่พบข้อมูล -

รายการใกล้เคียง
    ผู้แต่ง [หัสบรรณ]

BibComment


ยังไม่เคยถูกคอมเมนท์

คอมเมนท์ทรัพยากรรายการนี้
  คอมเมนท์: หนึ่งจันทร์พันราต..


 Copyright 2026. Bcnsprnw @Library